|
|
|
|
| LEADER |
00648nam a2200181Ia 4500 |
| 008 |
150624b xxu||||| |||| 00| 0 eng d |
| 020 |
|
|
|a 0876924682
|
| 020 |
|
|
|a 876924682
|
| 082 |
|
|
|a 001.642,
|
| 100 |
|
|
|a Welsh, Jim
|
| 245 |
|
|
|a Structured system programming /
|c Jim Welsh
|
| 260 |
|
|
|a New Dlehi :
|b Prentice Hall of India,
|c 1987.
|
| 300 |
|
|
|a 324 p.
|
| 505 |
|
|
|a 1. Structured programming 2. Structured compiler 3. Structured operating system.
|
| 700 |
|
|
|a Mackeag, Michael
|
| 942 |
|
|
|c BK
|
| 999 |
|
|
|c 39672
|d 39672
|
| 952 |
|
|
|0 0
|1 0
|4 0
|6 001_000000000000000_642_WEL_S
|7 0
|9 39669
|a UL
|b UL
|c ST2
|d 1998-08-28
|l 0
|o 001.642, WEL/S
|p 57528
|r 2012-10-27
|w 2012-10-27
|y BK
|